Využitie LED v osvetlení modernej architektúry

Gespeichert in:
Bibliographische Detailangaben
1. Verfasser: Ambrózai, Peter, 1987- (Verfasst von)
Weitere Verfasser: Krasňan, František, 1973- (Betreuung Doktorarbeit)
Format: Manuskript Buch
Sprache:Slowakisch
Veröffentlicht: Bratislava : STU v Bratislave FEI, 2011
Schlagworte:
Online-Zugang:VAIS
Tags: Tag hinzufügen
Keine Tags, Fügen Sie das erste Tag hinzu!

MARC

LEADER 00000ntm a22000003a 4500
001 stu236023
005 20150617230134.1
008 111011s2011----xo------------------slo-d
040 |a STU  |b slo 
041 0 |a slo 
044 |a xo 
100 1 |a Ambrózai, Peter,  |d 1987-  |4 aut  |u E  |T FEI Fakulta elektrotechniky a informatiky  |X 51369  |U E  |Y 30  |7 A000051369 
242 0 0 |a Use of LED lights to illuminate modern architecture  |y eng 
245 1 |a Využitie LED v osvetlení modernej architektúry 
260 |a Bratislava :  |b STU v Bratislave FEI,  |c 2011 
300 |a 51 s 
650 7 |a elektrotechnika  |2 stusub 
650 7 |a Electrical Engineering  |2 estusub 
700 1 |a Krasňan, František,  |d 1973-  |4 ths  |u E130  |U FEI Fakulta elektrotechniky a informatiky  |T FEI Katedra elektroenergetiky  |X 1882  |U E130  |Y 59  |7 A000001882 
856 4 |a info a plný text  |u http://is.stuba.sk/zp/portal_zp.pl?podrobnosti=62332  |3 VAIS 
996 |b 284ER00722  |c E*Bc-722  |l EE32  |s P  |a 0  |w stu236023_0001